000 00565nam a2200217Ia 4500
005 20250508164717.0
008 008 250505s9999 xx 000 0 eng d
037 _aTextual
040 _aFEDL
_beng
_cFEDL
041 _aeng
_2eng
084 _a510, VAS
_qFEDL
100 _aVasilyev N B
_9778938
245 0 _aStraight lines and curves
260 _aMoscow
_bMir Publishers
_c1980
300 _a195p.
365 _aINR
_b10
546 _aMACESE
700 _a Gutenmacher V L
_9778939
942 _cTEXL
_h510, VAS
999 _c1390698
_d1390698